000
00315nam a22001337a 4500
008
181107b xxu||||| |||| 00| 0 eng d
020
_a
9780393703030
041
_a
eng
080
_a
159.9
100
_a
49
101
_a
PSI
245
_a
Breakthroughs in Antipsychotic Medications
_c
Weiden, P,J
942
_2
udc
_c
BK
999
_c
52141
_d
52141